Medal Of Honor Locations - Statistics

General Stats
  • This quiz has been taken 4 times
  • The average score is 4 of 11
Answers on the Grid
Answers color-coded by a green-red scale on the quiz's grid according to % correct below.
Aachen, Germany
Calumpit, Philippines
Carentan, France
Casablanca, Morocco
Chambois, France
Dresden, Germany
Gotha, Germany
Guadalcanal, Solomon Islands
Halvøy, Norway
Kasserine Pass, Tunisia
Knossos, Crete
Kursk, Soviet Union
Makin Atoll, Gilbert Islands
Monte Cassino, Italy
Nijmegen, Netherlands
Okinawa, Japan
Paris, France
Pearl Harbour, USA
Rjuken, Norway
Singapore
St. Naziare, France
Warsaw, Poland
 
Answer Stats
Answer % Correct
Calumpit, Philippines
67%
Casablanca, Morocco
67%
Paris, France
67%
Gotha, Germany
33%
Guadalcanal, Solomon Islands
33%
Nijmegen, Netherlands
33%
Pearl Harbour, USA
33%
Singapore
33%
St. Naziare, France
33%
Knossos, Crete
0%
Rjuken, Norway
0%
No matching quizzes found
Score Distribution
Percent of People with Each Score
Percentile by Number Answered
Your Score History
You have not taken this quiz